[Event "22nd Hogeschool Zeeland Tournament 2018"]
[Site "Vlissingen"]
[Date "2018.08.09"]
[Round "7.36"]
[White "De Boer, Robert"]
[Black "Muetsch, Annmarie"]
[Result "0-1"]
[WhiteElo "1979"]
[BlackElo "2239"]
[PlyCount "58"]
[EventCountry "NED"]

1. e4 c5 2. c3 d5 3. exd5 Qxd5 4. d4 Bf5 5. Nf3 Nc6 6. Na3 cxd4 7. cxd4 e6 8.
Nb5 O-O-O 9. Be3 Bb4+ 10. Nc3 Nf6 11. Be2 Ne4 12. Rc1 Nxc3 13. bxc3 Ba3 14. Rc2
Bxc2 15. Qxc2 Be7 16. O-O g5 17. Rb1 g4 18. Ne5 Nxe5 19. dxe5 Qc6 20. Bxg4 Rhg8
21. Qe2 Qe4 22. Rb3 Qxg4 23. f3 Qa4 24. Bd4 Qc6 25. Qe3 b6 26. Qe2 Bc5 27. Qd3
Kb8 28. Qe3 Bxd4 29. cxd4 Rc8 0-1

[Event "22nd Hogeschool Zeeland Tournament 2018"]
[Site "Vlissingen"]
[Date "2018.08.09"]
[Round "7.37"]
[White "Haak, Eelco"]
[Black "De Waele, Warre"]
[Result "1/2-1/2"]
[WhiteElo "1999"]
[BlackElo "2237"]
[PlyCount "63"]
[EventCountry "NED"]

1. d4 d5 2. g3 Nf6 3. Bg2 c5 4. c3 e6 5. Nf3 Nc6 6. O-O Be7 7. b3 O-O 8. Bb2
Qc7 9. Nbd2 e5 10. dxe5 Nxe5 11. Qc2 Nxf3+ 12. Bxf3 Bg4 13. Bxg4 Nxg4 14. Qf5
Nf6 15. e4 dxe4 16. Nxe4 Nxe4 17. Qxe4 Bf6 18. Rfe1 g6 19. Rab1 Rad8 20. c4
Bxb2 21. Rxb2 Rd4 22. Qe7 Qc6 23. Rbe2 Rfd8 24. Re5 Rd1 25. Rxd1 Rxd1+ 26. Re1
Rxe1+ 27. Qxe1 h5 28. h4 b5 29. cxb5 Qxb5 30. Qe7 a5 31. Qd8+ Kg7 32. Qd5
1/2-1/2

[Event "22nd Hogeschool Zeeland Tournament 2018"]
[Site "Vlissingen"]
[Date "2018.08.09"]
[Round "7.38"]
[White "Stange, Sven"]
[Black "Oosting, Robert"]
[Result "1-0"]
[WhiteElo "2161"]
[BlackElo "1958"]
[PlyCount "81"]
[EventCountry "NED"]

1. d4 Nf6 2. c4 c5 3. d5 e6 4. Nc3 exd5 5. cxd5 d6 6. Nf3 g6 7. Bf4 a6 8. a4
Bg7 9. e3 O-O 10. Be2 Qe7 11. Nd2 Ne8 12. h3 Nd7 13. O-O f5 14. Bh2 Rb8 15. Qc2
Ne5 16. Rae1 Bd7 17. a5 b5 18. axb6 Rxb6 19. f4 Nf7 20. Bc4 Qh4 21. b3 Nc7 22.
e4 Bd4+ 23. Kh1 Nb5 24. Bxb5 Bxb5 25. Nxb5 Rxb5 26. Nf3 Qf6 27. e5 dxe5 28.
fxe5 Qb6 29. Nd2 Ng5 30. e6 Re8 31. h4 Ne4 32. Nxe4 fxe4 33. Qxe4 Qd8 34. d6
Rb4 35. e7 Qd7 36. Qd5+ Kg7 37. Rf7+ Kh8 38. Qxd4+ cxd4 39. Be5+ Kg8 40. Rg7+
Kh8 41. Rxg6# 1-0

[Event "22nd Hogeschool Zeeland Tournament 2018"]
[Site "Vlissingen"]
[Date "2018.08.09"]
[Round "7.39"]
[White "Hendrikse, Ad"]
[Black "Lopez-Rojas, Jeffrey"]
[Result "0-1"]
[WhiteElo "1943"]
[BlackElo "2156"]
[PlyCount "42"]
[EventCountry "NED"]

1. e4 g6 2. d4 Bg7 3. Nc3 d6 4. Nf3 a6 5. Be3 Nd7 6. Qd2 h6 7. h3 e6 8. Bd3 Ne7
9. g4 b5 10. a3 Bb7 11. Nh2 d5 12. e5 Nxe5 13. dxe5 d4 14. O-O-O Bxh1 15. Bxd4
Bc6 16. Qe3 Nd5 17. Qd2 Qg5 18. Ne4 Qxd2+ 19. Nxd2 Nf4 20. Bf1 O-O-O 21. Nhf3
Rd7 0-1

[Event "22nd Hogeschool Zeeland Tournament 2018"]
[Site "Vlissingen"]
[Date "2018.08.09"]
[Round "7.40"]
[White "Mesman, Edwyn"]
[Black "Feltman, Bart"]
[Result "1-0"]
[WhiteElo "2154"]
[BlackElo "1943"]
[PlyCount "93"]
[EventCountry "NED"]

1. d4 e6 2. c4 b6 3. a3 Bb7 4. d5 Bd6 5. g3 Ne7 6. Bg2 f5 7. Nh3 O-O 8. O-O Be5
9. Nf4 Ng6 10. Nd3 Bf6 11. Ra2 e5 12. e4 f4 13. b3 fxg3 14. hxg3 d6 15. Be3 Nd7
16. b4 a5 17. Rc2 axb4 18. axb4 Ba6 19. Nd2 Qe7 20. Rc1 Rfc8 21. Bh3 Bb7 22.
Qb3 Kh8 23. c5 bxc5 24. bxc5 Ba6 25. c6 Rcb8 26. Qc2 Nb6 27. Rb1 Nxd5 28. exd5
e4 29. Nf4 Nxf4 30. Bxf4 Bd3 31. Rxb8+ Rxb8 32. Qa4 Bxf1 33. Bxf1 Re8 34. Bg2
Bg5 35. Qxe4 Qf7 36. Bxg5 Rxe4 37. Bxe4 Qh5 38. Be3 g5 39. Nf3 h6 40. Nd4 Qd1+
41. Kg2 g4 42. Kh2 h5 43. Ne6 Qa4 44. Bg2 Qa5 45. Nf4 h4 46. gxh4 Qc3 47. Kg3
1-0

[Event "22nd Hogeschool Zeeland Tournament 2018"]
[Site "Vlissingen"]
[Date "2018.08.09"]
[Round "7.41"]
[White "De Kraker, Johnny"]
[Black "Merbis, Max"]
[Result "0-1"]
[WhiteElo "1942"]
[BlackElo "2136"]
[PlyCount "78"]
[EventCountry "NED"]

1. e4 e5 2. Nf3 Nc6 3. Bb5 a6 4. Ba4 Nf6 5. Qe2 b5 6. Bb3 Be7 7. O-O O-O 8. c3
d5 9. d3 Be6 10. Nbd2 h6 11. Re1 Re8 12. Nf1 Bd6 13. Ng3 Ne7 14. Nh4 Qd7 15. d4
g5 16. Nf3 Ng6 17. dxe5 Bxe5 18. Nxe5 Nxe5 19. Nh5 Nxh5 20. Qxh5 Kg7 21. Qd1
dxe4 22. Rxe4 Bxb3 23. Qxb3 Qd3 24. Rd4 Nc6 25. Be3 Nxd4 26. Bxd4+ Kg8 27. Rd1
Qf5 28. Rf1 Rad8 29. Qa3 Re6 30. Qa5 Rd7 31. a4 Qd5 32. axb5 Qxb5 33. Qxb5 axb5
34. b4 f5 35. h3 Rde7 36. g3 Re1 37. f4 Kf7 38. Be5 Rxf1+ 39. Kxf1 Rxe5 0-1

[Event "22nd Hogeschool Zeeland Tournament 2018"]
[Site "Vlissingen"]
[Date "2018.08.09"]
[Round "7.42"]
[White "Boelhouwer, Collin"]
[Black "Westerweele, Henrik"]
[Result "1/2-1/2"]
[WhiteElo "2128"]
[BlackElo "1956"]
[PlyCount "179"]
[EventCountry "NED"]

1. e4 e6 2. d4 d5 3. Nd2 Nf6 4. e5 Nfd7 5. Bd3 c5 6. c3 Nc6 7. Ne2 cxd4 8. cxd4
f6 9. exf6 Nxf6 10. O-O Bd6 11. Nf3 Qc7 12. h3 O-O 13. Be3 Bd7 14. Re1 Rac8 15.
Rc1 Qb6 16. b3 Ba3 17. Rc2 Rce8 18. Bc1 Bd6 19. Rb2 Nb4 20. Bb1 Ne4 21. a3 Nc6
22. b4 Ne7 23. Bxe4 dxe4 24. Ng5 Qc6 25. Qc2 e5 26. Qxe4 Bf5 27. Qxc6 Nxc6 28.
d5 Nd4 29. Ng3 e4 30. N3xe4 Be5 31. f4 Nf3+ 32. gxf3 Bxb2 33. Bxb2 h6 34. Ne6
Bxe6 35. dxe6 Rxe6 36. Be5 g5 37. Nc5 Ree8 38. Nxb7 Rxf4 39. Kg2 Rc4 40. Nc5 a5
41. Ne4 Rxe5 42. Nf6+ Kf7 43. Rxe5 axb4 44. Ne4 Rc2+ 45. Kg3 bxa3 46. Ra5 a2
47. Nf2 Rd2 48. Ne4 Rc2 49. Ra6 Kg7 50. Nf6 a1=Q 51. Nh5+ Kf7 52. Rxa1 Kg6 53.
Nf4+ gxf4+ 54. Kxf4 Rc4+ 55. Kg3 Rc6 56. Ra5 Rb6 57. h4 Kf6 58. Ra4 Rc6 59. Kg4
Kg6 60. Ra5 Rc4+ 61. f4 Rc6 62. h5+ Kf6 63. Ra7 Rc1 64. Ra6+ Kg7 65. Re6 Rh1
66. Ra6 Rh2 67. Rg6+ Kh7 68. Ra6 Kg7 69. Ra7+ Kg8 70. Kf5 Rg2 71. Kf6 Kh8 72.
f5 Rg1 73. Re7 Kg8 74. Re8+ Kh7 75. Ke6 Rf1 76. Re7+ Kg8 77. Kf6 Rg1 78. Re5
Rg5 79. Ra5 Rxh5 80. Ra8+ Kh7 81. Ke6 Rh1 82. f6 Re1+ 83. Kf7 h5 84. Re8 Rg1
85. Re5 Kh6 86. Re2 h4 87. Ke7 Kh5 88. f7 h3 89. Rh2 Kh4 90. Rxh3+ 1/2-1/2

[Event "22nd Hogeschool Zeeland Tournament 2018"]
[Site "Vlissingen"]
[Date "2018.08.09"]
[Round "7.43"]
[White "Boulahfa, Hicham"]
[Black "Reichardt, Robin"]
[Result "1-0"]
[WhiteElo "2074"]
[BlackElo "1942"]
[PlyCount "59"]
[EventCountry "NED"]

1. Nc3 Nf6 2. d4 d5 3. Bg5 Bf5 4. f3 h6 5. Bxf6 exf6 6. e4 Be6 7. Qd3 c6 8.
O-O-O Be7 9. Nge2 a5 10. Nf4 O-O 11. exd5 Bxd5 12. Nfxd5 cxd5 13. Qf5 Nc6 14.
Nxd5 Rc8 15. Kb1 g6 16. Nxe7+ Qxe7 17. Qf4 a4 18. Qxh6 a3 19. Bc4 Ne5 20. Bb3
Nc4 21. Rhe1 Qb4 22. c3 Qb5 23. Re4 Qf5 24. Bxc4 Rxc4 25. Rc1 axb2 26. Rc2 Rfc8
27. Rh4 Qxc2+ 28. Kxc2 Rxc3+ 29. Kxb2 Rc2+ 30. Kb1 1-0

[Event "22nd Hogeschool Zeeland Tournament 2018"]
[Site "Vlissingen"]
[Date "2018.08.09"]
[Round "7.44"]
[White "Rosmuller, Anton"]
[Black "Tibke, Jonas"]
[Result "0-1"]
[WhiteElo "2069"]
[BlackElo "1921"]
[PlyCount "108"]
[EventCountry "NED"]

1. d4 Nf6 2. c4 e5 3. dxe5 Ng4 4. e3 Nxe5 5. Nh3 Bb4+ 6. Bd2 Bxd2+ 7. Qxd2 d6
8. Nf4 Bf5 9. Nc3 O-O 10. Be2 Na6 11. O-O-O Nc5 12. f3 a5 13. g4 Be6 14. Nxe6
fxe6 15. f4 Nc6 16. g5 Nb4 17. Kb1 Qe8 18. e4 Qg6 19. Qe3 e5 20. f5 Rxf5 21.
exf5 Qxf5+ 22. Ne4 Qxe4+ 23. Qxe4 Nxe4 24. Rhg1 Rf8 25. Rg2 Nc6 26. Bd3 Nc5 27.
Bc2 g6 28. b3 Nd4 29. Rdd2 Rf1+ 30. Kb2 Nce6 31. a3 Nf3 32. Rd1 Rxd1 33. Bxd1
Nfxg5 34. b4 axb4 35. axb4 b6 36. c5 bxc5 37. bxc5 Kg7 38. cxd6 cxd6 39. Bb3
Kf6 40. Rf2+ Nf4 41. Bc2 Nge6 42. Ka3 d5 43. Bb3 Ke7 44. Rc2 Kd6 45. Rc8 e4 46.
Kb2 Ke5 47. Kc1 Kd4 48. Rb8 e3 49. Ba4 Nd3+ 50. Kd1 Nef4 51. Rb1 e2+ 52. Kd2
e1=Q+ 53. Rxe1 Nxe1 54. Kxe1 Ke3 0-1

[Event "22nd Hogeschool Zeeland Tournament 2018"]
[Site "Vlissingen"]
[Date "2018.08.09"]
[Round "7.45"]
[White "Van Liempt, Michael"]
[Black "Van de Braak, Joey"]
[Result "1-0"]
[WhiteElo "2068"]
[BlackElo "1907"]
[PlyCount "133"]
[EventCountry "NED"]

1. d4 Nf6 2. c4 e6 3. Nf3 b6 4. e3 Bb7 5. Nc3 Bb4 6. Be2 O-O 7. O-O Bxc3 8.
bxc3 Ne4 9. Qc2 f5 10. Nd2 Nxd2 11. Bxd2 d6 12. f3 Nd7 13. Rab1 a5 14. Rf2 Qf6
15. Re1 Rae8 16. Bc1 e5 17. Qd2 Qg6 18. Bd1 Kh8 19. Ba4 Qf7 20. Bb3 Qg6 21. Ba4
Qf7 22. Bb3 Qg6 23. Ba4 exd4 24. cxd4 Rd8 25. Bb2 Rfe8 26. Bc2 Qg5 27. Qd3 Ba6
28. Qc3 Re7 29. f4 Qf6 30. Rf3 Kg8 31. Bb3 Kf8 32. Qc2 Re4 33. Rg3 g6 34. c5 a4
35. Bd5 Re7 36. Qxa4 Bc8 37. Qc2 Nb8 38. c6 Na6 39. a3 Be6 40. Bc4 Bxc4 41.
Qxc4 Nb8 42. Qd5 Qe6 43. Qxe6 Rxe6 44. d5 Re4 45. Rh3 Kg8 46. Bd4 Na6 47. g4
fxg4 48. Rg3 Nc5 49. Rxg4 Nb3 50. Bb2 Nd2 51. Rg3 Nc4 52. Bd4 Ra8 53. f5 Rxa3
54. fxg6 h5 55. Rc1 Ne5 56. Rf1 h4 57. Rg2 Ra8 58. h3 Re8 59. Rgf2 Re7 60. Kh1
Nxg6 61. Rf6 Ne5 62. Rg1+ Rg7 63. Ra1 Rg3 64. Rg1 Rxg1+ 65. Kxg1 Kg7 66. Rxd6
cxd6 67. c7 1-0

[Event "22nd Hogeschool Zeeland Tournament 2018"]
[Site "Vlissingen"]
[Date "2018.08.09"]
[Round "7.46"]
[White "Hoeneveld, Maarten"]
[Black "De Jong, Roel"]
[Result "1/2-1/2"]
[WhiteElo "2066"]
[BlackElo "1880"]
[PlyCount "146"]
[EventCountry "NED"]

1. e4 e5 2. Nf3 Nc6 3. Bc4 Be7 4. d4 d6 5. d5 Nb8 6. O-O f5 7. Nc3 f4 8. Nxe5
dxe5 9. Qh5+ g6 10. Qxe5 Nf6 11. Nb5 Na6 12. Bxf4 Rf8 13. Bg3 Nd7 14. Qg7 Nb6
15. Bb3 Bd7 16. a4 Bxb5 17. axb5 Nc5 18. Qxh7 Qd7 19. Qxg6+ Kd8 20. Ba2 Qxb5
21. d6 cxd6 22. Bxd6 Bxd6 23. Qxd6+ Ncd7 24. Rfd1 Re8 25. Be6 Qc6 26. Qxc6 bxc6
27. Rd6 Kc7 28. Rad1 Nc5 29. Bf5 Nxe4 30. Rg6 Rad8 31. Rg7+ Kb8 32. Ra1 Nd6 33.
Raxa7 Nxf5 34. Rgb7+ Kc8 35. Rc7+ Kb8 36. Rcb7+ Kc8 37. g4 Nh4 38. Rc7+ Kb8 39.
Rcb7+ Kc8 40. h3 Rd7 41. Rxd7 Nxd7 42. Ra8+ Nb8 43. Ra3 Rf8 44. Kh2 Rf3 45.
Rxf3 Nxf3+ 46. Kg3 Ne1 47. g5 Kd8 48. c4 Nd3 49. b3 Nc5 50. g6 Ke7 51. b4 Ne4+
52. Kf4 Nxf2 53. b5 Nxh3+ 54. Ke4 Ng5+ 55. Kf5 Ne6 56. bxc6 Nxc6 57. g7 Nxg7+
58. Ke4 Kd6 59. c5+ Kxc5 60. Kd3 Ne6 61. Ke4 Kd6 62. Ke3 Kd5 63. Kf3 Kd4 64.
Kf2 Ne5 65. Kf1 Ke3 66. Ke1 Nd4 67. Kf1 Kf3 68. Kg1 Ne2+ 69. Kh1 Nd3 70. Kh2
Ndf4 71. Kh1 Kf2 72. Kh2 Ng1 73. Kh1 Nf3 1/2-1/2

[Event "22nd Hogeschool Zeeland Tournament 2018"]
[Site "Vlissingen"]
[Date "2018.08.09"]
[Round "7.47"]
[White "Van de Poel, Taco"]
[Black "Du, Yuxin"]
[Result "1/2-1/2"]
[WhiteElo "1909"]
[BlackElo "2064"]
[PlyCount "74"]
[EventCountry "NED"]

1. e4 c6 2. d4 d5 3. e5 Bf5 4. Be3 Qb6 5. Qc1 e6 6. Nd2 c5 7. Ngf3 Nc6 8. c3
cxd4 9. Nxd4 Nxd4 10. cxd4 Ne7 11. Qc5 Nc6 12. Qxb6 axb6 13. Bb5 Bb4 14. Ke2
O-O 15. Rhc1 Rfc8 16. Nb3 f6 17. f4 Kf7 18. h3 h5 19. a3 Be7 20. Bd3 Bxd3+ 21.
Kxd3 Na5 22. Nxa5 bxa5 23. Rxc8 Rxc8 24. Rc1 Rxc1 25. Bxc1 a4 26. g4 hxg4 27.
hxg4 Kg6 28. Bd2 f5 29. g5 Kh5 30. Ke3 Kg4 31. Ba5 b5 32. Bd2 g6 33. Ba5 Kg3
34. Be1+ Kg4 35. Ba5 Kg3 36. Be1+ Kg2 37. Ba5 Kg3 1/2-1/2

[Event "22nd Hogeschool Zeeland Tournament 2018"]
[Site "Vlissingen"]
[Date "2018.08.09"]
[Round "7.48"]
[White "Westerweele, Maarten"]
[Black "Hoffman, Ron"]
[Result "0-1"]
[WhiteElo "1859"]
[BlackElo "2041"]
[PlyCount "59"]
[EventCountry "NED"]

1. e4 c5 2. c3 d6 3. d4 Nf6 4. Nd2 g6 5. Ngf3 Bg7 6. Be2 O-O 7. O-O cxd4 8.
Nxd4 Nc6 9. N4f3 b6 10. Re1 Bb7 11. Bf1 Qc7 12. Qe2 e6 13. g3 a5 14. Qd1 Rfd8
15. Qa4 Nd7 16. Qd1 Nf6 17. Bd3 Rac8 18. Qe2 Nd7 19. Nb1 Nde5 20. Na3 Nxd3 21.
Qxd3 d5 22. exd5 Rxd5 23. Qe2 Ne5 24. Ng5 Qd7 25. Be3 b5 26. Bd4 b4 27. Nc2 Nc6
28. Nf3 e5 29. Bb6 bxc3 30. bxc3 0-1

[Event "22nd Hogeschool Zeeland Tournament 2018"]
[Site "Vlissingen"]
[Date "2018.08.09"]
[Round "7.49"]
[White "De Feijter, Niels"]
[Black "Bekedam, Tyro"]
[Result "0-1"]
[WhiteElo "1724"]
[BlackElo "2019"]
[PlyCount "32"]
[EventCountry "NED"]

1. c4 e5 2. Nc3 Nf6 3. g3 c6 4. Bg2 d5 5. cxd5 cxd5 6. Qb3 Nc6 7. Nxd5 Nd4 8.
Nxf6+ gxf6 9. Qd1 Bf5 10. e4 Rc8 11. Kf1 Nc2 12. Rb1 Be6 13. b3 Qd3+ 14. Ne2
Nd4 15. Ra1 Bg4 16. f3 Bxf3 0-1

[Event "22nd Hogeschool Zeeland Tournament 2018"]
[Site "Vlissingen"]
[Date "2018.08.09"]
[Round "7.50"]
[White "Bressy, Theo"]
[Black "Vriens, Huib"]
[Result "1-0"]
[WhiteElo "2140"]
[BlackElo "1670"]
[PlyCount "53"]
[EventCountry "NED"]

1. Nf3 d5 2. g3 Nf6 3. Bg2 c6 4. O-O Bf5 5. c4 e6 6. cxd5 exd5 7. d3 Be7 8. Nh4
Be6 9. Nc3 Nbd7 10. Qc2 O-O 11. e4 d4 12. Ne2 c5 13. f4 Nb6 14. f5 Bd7 15. Nf4
Ng4 16. Qe2 Ne5 17. Nf3 Bd6 18. b3 Bc6 19. Nxe5 Bxe5 20. Ba3 Nd7 21. b4 b6 22.
Rac1 Qe7 23. bxc5 bxc5 24. Nh5 f6 25. Qc2 Bb5 26. Qb3+ Qf7 27. Qxb5 1-0